000 00871nam a22002657a 4500
005 20220329141529.0
008 971013s1988 r 00010 d
010 _a69701
011 _a70673
035 _a80191
082 _a637.1
_bD3y
100 0 0 _aDahl, John C.
_930893
245 _aCalidad de la leche y mejoramiento de la producción
260 _aMadison, Wis. :
_bDairy Equipment Co.,
_c1988
300 _a180 p
590 _aBATCH-UPD
_b10
_c20130110
_lUCH01
_h1959
590 _aBATCH-UPD
_b10
_c20130410
_lUCH01
_h1319
590 _aBATCH-UPD
_b10
_c20130914
_lUCH01
_h1139
590 _aCONVERSION
_b10
_c20130109
_lUCH01
_h1338
650 1 4 _aLeche
_xCalidad.
_965362
650 1 4 _aLeche
_xProducción.
_965400
901 _aBK
949 _a637.1 D3y
_bZ
_cLIBRO
_d-33091
_eLIBRO
_h1524
_i80191
_si
949 _a637.1 D3y
_bZ
_cLIBRO
_d-98255
_eLIBRO
_fc.2
_h1525
_i80191
_si
999 _c69701
_d69701